000 00216nam a22000857a 4500
008 160908b xxu||||| |||| 00| 0 eng d
100 _9331
_aSingh L
245 _aChemistry-X
260 _aNew Delhi
_bS.Chand publication
_c2011
999 _c2991
_d2991